Ξαφνικά πέρσι το καλοκαίρι

Saved in:
Bibliographic Details
Main Author: Williams, Tennessee 1911-1983
Other Authors: Πλωρίτης, Μάριος, 1919-2006 (Translator)
Format: Book
Language:Greek
English
Published: Αθήνα : Δωδώνη, 1990.
Series:Παγκόσμιο θέατρο. Μικρή θεατρική βιβλιοθήκη ; 12
Subjects:
Tags: Add Tag
No Tags, Be the first to tag this record!

MARC

LEADER 00000cam a2200000 i 4500
001 1/33836
008 960805s1990 gr | ||| |||| ||gre||
020 |a 960248027 0 
035 |1 ΕΛΗ  |a 1996  |b 2607  |c ΒΙΒΛΙΟΘΗΚΗ  |l 10039477 
035 |a 1998  |b 1  |c ΚΠΣ/Νηπιαγωγών 
040 |a GR-MY-UA  |b gre  |e aacr 
041 1 |a gre  |h eng 
082 0 |a 812 
100 1 |a Williams, Tennessee  |d 1911-1983. 
245 1 0 |a Ξαφνικά πέρσι το καλοκαίρι /   |c Τέννεση Ουϊλλιαμς ; απόδοση Μάριος Πλωρίτης.  
260 |a Αθήνα :   |b Δωδώνη,   |c 1990.  
300 |a 74 σ. ;   |c 17 εκ.  
490 1 |a (Παγκόσμιο θέατρο. Μικρή θεατρική βιβλιοθήκη   |v ; 12)  
500 |a Τίτλος πρωτοτύπου: Suddenly last summer 
650 0 0 |a American drama. 
700 1 |a Πλωρίτης, Μάριος,   |d 1919-2006,  |e trl 
830 0 |a Παγκόσμιο θέατρο.   |p Μικρή θεατρική βιβλιοθήκη ;  |v  12 
852 |a INST  |b RHODES  |e 19980408  |h 812.5 WIL  |p 005400010732  |q 005400010732  |t BK  |y 0 
852 |a INST  |b SAMOS  |e 19960805  |h 812 WIL  |p 005300008398  |q 005300008398  |t BK  |y 0 
901 |a BIBL-1997-2 
901 |a BIBL-1998-1 
909 |a Σ  |b 049829 
909 |a Ρ  |b 053744